Cserkeszőlő Termál- és Gyógyfürdő fejlesztés, mint turisztikai nagyprojekt hatásvizsgálata
| Main Author: | |
|---|---|
| Other Authors: | |
| Format: | Thesis |
| Kulcsszavak: | Egészségturizmus Észak-Alföldi régió Cserkeszőlő Fürdőfejlesztés Hatásvizsgálat |
| Online Access: | http://dolgozattar.uni-bge.hu/7479 |
MARC
| LEADER | 00000nta a2200000 i 4500 | ||
|---|---|---|---|
| 001 | dolg7479 | ||
| 005 | 20161217125149.0 | ||
| 008 | 160531suuuu hu om 000 hun d | ||
| 040 | |a BGE Dolgozattár Repozitórium |b hun | ||
| 041 | |a hu | ||
| 100 | 1 | |a Sárközi Bettina | |
| 245 | 1 | 0 | |a Cserkeszőlő Termál- és Gyógyfürdő fejlesztés, mint turisztikai nagyprojekt hatásvizsgálata |c Sárközi Bettina |h [elektronikus dokumentum] |
| 695 | |a Egészségturizmus | ||
| 695 | |a Észak-Alföldi régió | ||
| 695 | |a Cserkeszőlő | ||
| 695 | |a Fürdőfejlesztés | ||
| 695 | |a Hatásvizsgálat | ||
| 700 | 1 | |a Tóth dr. Zoltán |e ths | |
| 856 | 4 | 0 | |u http://dolgozattar.uni-bge.hu/7479/1/Sarkozi%20Bettina%20FP30DW.pdf |z Dokumentum-elérés |